[Event "EU-ch 6th"]
[Site "Warsaw"]
[Date "2005.06.26"]
[Round "8"]
[White "Sulskis, Sarunas"]
[Black "Pelletier, Yannick"]
[Result "1/2-1/2"]
[WhiteElo "2545"]
[BlackElo "2610"]
[Annotator "Pelletier,Y"]
[PlyCount "93"]
[EventDate "2005.06.18"]
[EventType "swiss"]
[EventRounds "13"]
[EventCountry "POL"]
[SourceTitle "CBM 108"]
[Source "ChessBase"]
[SourceDate "2005.09.26"]
[SourceVersion "1"]
[SourceVersionDate "2005.09.26"]
[SourceQuality "1"]

1. e4 c5 2. Nf3 d6 3. d4 cxd4 4. Nxd4 Nf6 5. Nc3 a6 6. Bg5 e6 7. f4 Be7 8. Qf3
Qc7 9. O-O-O Nbd7 10. g4 b5 11. Bxf6 Nxf6 12. g5 Nd7 13. Nf5 $2 $146 {Mein
Gegner behauptete danach, er habe diese Neuerung am Brett gefunden. Ich fand
es zuerst schwer zu glauben, aber es gibt verschiedene Faktoren, die diese
Aussage bestätigen. Erstens dachte mein Gegner für diesen Zug ca. 30 Minuten,
was mit der FIDE-Bedenkzeit fast selbstmörderisch ist. Zweitens ist diese
Neuerung schlecht, da Schwarz ziemlich problemlos Vorteil erhalten kann.} exf5
(13... b4 14. Nxg7+ Kf8 15. Nxe6+ fxe6 16. Ne2 Nc5 17. Nd4 $44) 14. Nd5 Qb7 $2
({Ich übersah dabei den 16. Zug des Weißen. Nach} 14... Qd8 15. exf5 Bb7 {
lässt sich das Opfer ziemlich leicht widerlegen.}) 15. Qc3 (15. Bg2 Nb6) 15...
Nb6 (15... fxe4 16. Qxg7 Rf8 17. Nxe7 Kxe7 18. Qxh7 $36) 16. Nxe7 (16. Nc7+ Kf8
) (16. Qxg7 Rf8 17. Nxe7 Qxe7) 16... Kxe7 (16... Qxe7 17. Qc6+ Bd7 18. Qxb6
fxe4 19. Bg2 $1 O-O 20. Qxd6 Qxd6 21. Rxd6 Bf5 22. Re1 Rfe8 23. c3 $14) 17.
Qxg7 Be6 18. exf5 $6 ({Nachher ist Schwarz vermutlich wieder OK. Große
Probleme gestellt hätte} 18. Bg2 fxe4 19. Rhe1 $40 (19. f5 Bd5 20. Rhe1 Rag8))
18... Bd5 19. Bh3 Rae8 (19... Kd7 20. Rhe1 $13) 20. Rd3 $5 (20. Rhe1+ Kd8)
20... Kd8 ({Mein Gegner bezeichnete dies in der späteren Analyse als Fehler.
Zwar führt die von ihm vorgeschlagene Variante 20...Bxh1 zu unklarem Spiel,
aber der Textzug ist ebenfalls spielbar.} 20... Bxh1 21. Qf6+ Kd7 22. Qxd6+ Kc8
23. f6+ Re6 24. Bxe6+ fxe6 25. Rc3+ (25. Qxe6+ Kb8) 25... Nc4 26. b3 Qc6 27.
Qxc6+ Bxc6 28. bxc4 bxc4 (28... b4 29. Re3 Kd7 $13) 29. Rxc4 Kc7 {mit
Gleichgewicht.}) 21. Rhd1 Rhg8 (21... Kc7 $2 22. Rxd5 Nxd5 23. Bg2) (21... Qc7
22. Rxd5 Nxd5 23. Rxd5 Re1+ 24. Rd1 (24. Kd2 Rhe8 25. Bg4 $13) 24... Rxd1+ 25.
Kxd1 Re8 26. Qd4 $13) (21... Qe7 22. Qc3) 22. Qc3 {Etwa hier hörte unsere Uhr
auf, zu funktionieren. Nach dem Durcheinander hatten wir wohl beide etwas
Konzentration eingebüßt.} Re2 (22... Qc7 $5 $15 {ist wahrscheinlich die letzte
schwarze Chance, um Vorteil zu erkämpfen. Trotzdem bliebe das Spiel dann
höchst kompliziert.}) 23. Bg4 Rf2 24. Qf6+ Kc8 (24... Qe7 $2 25. Qd4) (24...
Kc7 $2 25. Rxd5 Nxd5 26. Qxf7+ Kb6 27. Qxg8 Qc7 (27... Qc6 28. c3 Nxc3 29. Qd8+
) 28. Rd2 $18) 25. Qxd6 (25. g6 hxg6 26. fxg6+ Kb8 27. Qxd6+ Qc7) (25. Rc3+ Kb8
26. Qxd6+ Ka8 27. Rc7 $140 Rc8) 25... Qc7 26. Rc3 (26. f6+ Kb8 27. Qxc7+ Kxc7
28. Rxd5 Nxd5 29. Rxd5 Rxf4 $13) 26... Bc4 27. b3 {Schwarz verliert seinen
Mehrläufer zurück, aber der ihn auf dem Feld c4 ersetzende Springer wird beim
Gegenangriff mithelfen.} Rxf4 28. h3 Qxd6 29. Rxd6 Kc7 30. Rf6 Rxg5 $6 $138 (
30... Rd8 31. Rxf7+ Kb8 32. Rxh7 $18) (30... Rf1+ 31. Kb2 Rg7 {Ich zweifle
hier an Fritz' Einschätzung, diese Stellung sei unklar. Mir gefällt Weiß
besser.}) 31. bxc4 (31. Rxf7+ Kc6 (31... Kb8 32. bxc4 Nxc4 (32... h5 33. Rf8+
$18) 33. Rd3) 32. bxc4 (32. Rxh7 Nd5) 32... Nxc4) 31... Nxc4 32. Rxf7+ Kb6 33.
Rxc4 $138 ({Weiß sollte nach} 33. Rd3 h5 34. Rf6+ Ka5 35. Rg6 Rgxg4 36. hxg4
hxg4 37. Rg5 {gewinnen können.}) 33... bxc4 34. Rxh7 c3 35. Kd1 Rg8 (35... Rf2
36. Rh6+ Kb5 37. Rg6) (35... Rd4+ 36. Ke1 Rg8) 36. Ke2 Rd8 37. Ke3 Rf1 38. Rh6+
Kc5 39. Rxa6 Rd2 40. f6 Re1+ {Dieser letzte Zug nach der Pinkel-Pause (sprich
15 Minuten Bonus nach dem 40. Zug) hätte ein fataler Fehler sein können.} (
40... Rxc2 41. Kd3 {führt zum Remis}) 41. Kf4 Rf1+ 42. Bf3 Rdf2 $1 {Zum Glück
rettet mich noch dieser Trick} 43. Rc6+ Kd4 (43... Kb4 $2 44. a3+) 44. Rd6+ Kc4
45. Rc6+ Kd4 46. Rd6+ Kc4 47. Rc6+ ({Sogar für Weiß gefährlich werden könnte} 
47. Rd3 $6 {, denn er müsste nach} Rxc2 {einige Tricks vermeiden.} 48. Re3 ({
so z.B:} 48. f7 $2 Kxd3 49. f8=Q Rcf2 $19) 48... Rd2 49. f7 Rd8 50. Re4+ Kb5
51. Re5+ Kc4 52. Re4+ (52. Re8 $2 c2 $19) 52... Kb5 53. Re5+ Kc4 $11) 1/2-1/2

[Event "ISR-chT"]
[Site "Israel"]
[Date "1996.??.??"]
[Round "11"]
[White "Psakhis, Lev"]
[Black "Gruenfeld, Yehuda"]
[Result "1-0"]
[WhiteElo "2610"]
[BlackElo "2520"]
[Annotator "Psakhis,L"]
[PlyCount "101"]
[EventDate "1996.??.??"]
[EventType "team"]
[EventRounds "11"]
[EventCountry "ISR"]
[SourceTitle "CBM 052 Extra"]
[Source "ChessBase"]
[SourceDate "1996.07.01"]
[SourceVersion "1"]
[SourceVersionDate "1996.07.01"]
[SourceQuality "1"]

1. e4 c5 2. Nf3 d6 3. d4 cxd4 4. Nxd4 Nf6 5. Nc3 a6 6. Bg5 e6 7. f4 Be7 8. Qf3
Qc7 9. O-O-O Nbd7 10. g4 b5 11. Bxf6 Nxf6 12. g5 Nd7 13. f5 $5 Bxg5+ (13... Nc5
14. f6 gxf6 15. gxf6 Bf8 $132) 14. Kb1 Ne5 15. Qh5 Qd8 (15... Qe7 $5) 16. h4 $1
(16. Rg1 Bf6 17. Nxe6 Bxe6 18. fxe6 O-O $13) 16... Bf6 17. fxe6 (17. Nxe6 $2 g6
$1 18. Nxd8 gxh5 $19) 17... O-O 18. Bh3 Re8 $2 (18... Ng6 19. exf7+ Rxf7 20.
Be6 Bxe6 21. Nxe6 Qe8 (21... Qe7 22. Ng5 Bxg5 23. hxg5 Qe6 24. Qxh7+ $18 {
Walter,K-Scholz,C/BL 1993/0,5/36/}) 22. Ng5 Bxg5 23. hxg5 Nf8 24. g6 $1 Rf6 25.
Nd5 $1 Rxg6 26. Ne7+ $1 $18 Qxe7 27. Qd5+ Re6 28. Qxa8 {Epishin,V-Karpman,V/
Minsk/1990/1:0/38/}) (18... fxe6 19. Bxe6+ Kh8 20. Nd5 Ra7 (20... g6 21. Qe2
Nc4 22. Bxc8 Bxd4 23. Rxd4 Rxc8 24. h5 $14) 21. Rdf1 g6 22. Qe2 Bg7 23. h5 $36
{Shabalov,A-Fedorowicz,J/New York MCC/1992/1:0/45/}) (18... g6 19. Qe2 Kh8 (
19... Bxh4 20. Qh2 $5 $40) 20. h5 g5 21. Nd5 $16) 19. Nc6 $5 (19. Bf5 $5 fxe6
$8 (19... g6 20. exf7+ Nxf7 21. Bxg6 hxg6 22. Qxg6+ Bg7 23. Rhg1 $18) (19... h6
20. Nc6 $1 Qc7 21. Nd5 Qxc6 22. Nxf6+ gxf6 23. Qxh6 $18) (19... Bxe6 20. Qxh7+
Kf8 21. h5 $16) 20. Bxh7+ Kf8 21. Nf3 (21. Rhf1 Bb7 22. Bg6 Nxg6 23. Qxg6 Qe7
24. Nf3 $1 $36) 21... Nxf3 22. Qxf3 Bb7 23. Bg6 Re7 24. h5 $16) 19... Qc7 $8 (
19... g6 $6 20. exf7+ Nxf7 21. Qe2 Qc7 22. Nd5 $18) 20. Nxe5 (20. Nd5 $5 Qxc6
$140 21. Nxf6+ gxf6 22. Qh6 Bxe6 23. Rdg1+ Ng6 24. h5 Bxh3 $6 (24... Ra7 25.
hxg6 fxg6 26. Bxe6+ Rxe6 27. Rxg6+ $18) 25. hxg6 fxg6 26. Rxg6+ hxg6 27. Qxg6+
Kf8 28. Qxf6+ Kg8 29. Rg1+ $18) 20... Bxe5 21. Nd5 Qa7 22. exf7+ Qxf7 23. Qxf7+
Kxf7 24. Nc7 Bb7 $1 25. Bg2 b4 $1 $16 26. Rhf1+ Ke7 27. h5 a5 28. Rd2 Rf8 $8 (
28... Rac8 $2 29. Nxe8 Rxe8 30. Rdf2 Bf6 31. e5 $18) 29. Nxa8 Rxf1+ 30. Bxf1
Bxa8 31. Re2 Bc6 32. Bh3 Be8 33. Bg4 g6 (33... Kf6 34. Rg2) 34. hxg6 Bxg6 35.
Bf5 $5 Bxf5 36. exf5 Kf6 37. Rf2 h5 38. Rf3 (38. a4 bxa3 39. bxa3 h4 40. Rf3
Kg5) 38... Kg5 39. c3 $1 bxc3 40. bxc3 h4 41. Kc2 (41. c4 $5 Kg4 42. Rf1 Bf6
43. Kc2 h3 44. Kd3 h2 45. Ke4 {-41.Kc2}) 41... Kg4 $6 (41... d5 $1 42. Kd3 Kg4
43. Rf1 (43. Ke2 h3 44. f6 h2 45. f7 h1=Q 46. f8=Q Qg2+ 47. Rf2 (47. Ke3 d4+
48. cxd4 Bxd4+ 49. Kxd4 Qxf3 $10) 47... Qe4+ 48. Kd2 Bf4+ 49. Rxf4+ Qxf4+ 50.
Qxf4+ Kxf4 51. Kd3 Ke5 $10) 43... Bf6 (43... h3 44. f6 h2 45. f7 Bg7 46. c4
dxc4+ 47. Kxc4 Bf8 48. Kb5 Bb4 49. Ka4 Kg3 50. a3 Bf8 51. Ra1 $1 $18) 44. c4
dxc4+ 45. Kxc4 h3 46. Kb5 Bc3 (46... h2 47. Kxa5 Kg3 48. Kb5 Kg2 49. Rd1 h1=Q
50. Rxh1 Kxh1 51. a4 $18) 47. f6 h2 48. f7 Bb4 49. Ka4 Kg3 50. a3 Bf8 $1 51.
Ra1 Bg7 52. Rb1 Bf8 53. Kxa5 $1 Bxa3 54. Rb3+ Kg4 55. Rxa3 h1=Q 56. f8=Q Qd5+
57. Kb4 Qd4+ 58. Kb5 Qd5+ 59. Qc5 $18) 42. Rf1 Kg5 (42... Bf6 43. c4 h3 44. Kd3
h2 45. Ke4 Kg3 46. Kd5 Kg2 47. Rd1 Be7 (47... h1=Q 48. Rxh1 Kxh1 49. Kxd6 $18)
48. Ke6 Bf8 49. f6 h1=Q 50. Rxh1 Kxh1 51. Kf7 Bh6 52. Ke7 Bg5 53. Ke6 $1 $18) (
42... h3 43. f6 h2 44. f7 Bg7 45. a4 $5 (45. c4 a4 $1 (45... Kg3 46. Kb3 Kg2
47. Rd1 h1=Q 48. Rxh1 Kxh1 49. Ka4 Kg2 50. Kxa5 Kf3 51. Kb5 Ke4 52. a4 Kf5 53.
a5 $18)) 45... Kg3 46. Kd3 Kg2 47. Rb1 h1=Q (47... d5 48. c4 dxc4+ 49. Kxc4
h1=Q 50. Rxh1 Kxh1 51. Kb5 Kg2 52. Kxa5 Kf3 53. Kb5 $18) 48. Rxh1 Kxh1 49. Kc4
Kg2 50. Kb5 Kf3 51. Kxa5 Ke4 52. Kb5 $18) 43. c4 $1 h3 44. Kd3 h2 45. Ke4 Kf6 (
45... Kg4 46. c5 $18) 46. a4 $1 (46. Rb1 a4 $1) 46... Bc3 47. Kf4 $18 Bd4 48.
Kg3 Be5+ (48... Bg1 49. Kg2 $18) 49. Kg2 Kg5 50. f6 Bxf6 51. Kxh2 (51. Kxh2
Be5+ 52. Kg2 Bf4 53. Kf3 Kf5 54. Rd1 Be5 55. Rd5 $18) 1-0

[Event "Moscow Aeroflot op-A"]
[Site "Moscow"]
[Date "2007.02.15"]
[Round "2"]
[White "Andriasian, Zaven"]
[Black "Efimenko, Zahar"]
[Result "1/2-1/2"]
[WhiteElo "2508"]
[BlackElo "2616"]
[Annotator "Reeh,O"]
[PlyCount "115"]
[EventDate "2007.02.14"]
[EventType "swiss"]
[EventRounds "9"]
[EventCountry "RUS"]
[SourceTitle "CBM 117"]
[Source "ChessBase"]
[SourceDate "2007.03.30"]
[SourceVersion "1"]
[SourceVersionDate "2007.03.30"]
[SourceQuality "1"]

1. e4 c5 2. Nf3 d6 3. d4 cxd4 4. Nxd4 Nf6 5. Nc3 a6 6. Bg5 e6 7. f4 h6 8. Bh4
Be7 9. Qf3 Qc7 10. O-O-O Nbd7 11. Be2 g5 12. fxg5 Ne5 13. Qf2 Nfg4 14. Qf4 Qd8
15. Qd2 Bxg5 16. Bxg5 Qxg5 17. Rdf1 Qxd2+ 18. Kxd2 Ke7 {A typical endgame for
this Rauzer line has arisen in which both sides possess their trumps: White
has pressure in the f-file, Black a nice knight outpost on e5. Es hat sich ein
für dieses Rauser-Abspiel typisches Endspiel ergeben, in dem beide Seiten ihre
Trümpfe haben: Weiß besitzt Druck in der f-Linie, Schwarz einen schönen
Springervorposten auf e5.} 19. Rf4 Nf6 20. Rhf1 Nfd7 21. Bh5 Rh7 22. a4 b6 23.
Nf3 Bb7 24. Nxe5 Nxe5 25. g3 Rc8 26. b3 Rc5 27. Be2 Rh8 28. Bd3 h5 29. Nd1 Rh6
30. Ne3 f6 31. Nc4 Nd7 {Black wants to win. Schwarz will gewinnen.} (31...
Nxc4+ 32. Bxc4 Re5 $11) 32. Be2 Rg5 33. Ke3 b5 34. axb5 axb5 35. Nd2 Rc5 36. c4
bxc4 37. Nxc4 Rb5 {Initiating a faulty plan. Der Beginn eines fehlerhaften
Plans.} 38. Rb1 Rb4 $2 {Very natural, Black wants to block the b-pawn in order
to attack it with Nd7-c5, but... Sehr natürlich, Schwarz will den b-Bauern
blockieren, um ihn Nd7-c5 anzugreifen, aber...} (38... Bc6 {would have kept
the game about even. hätte die Partie etwa im Gleichgewicht gehalten.}) {
[%tqu "En","With his last move Black has blocked the b-pawn in order to attack
it with  Nd7-c5. How do you react?","The unprotected rook on b4 enables White
to win a pawn.","Exploit the vis-à-vis of the rooks on the fourth rank!",
"c4d6","This knight is untouchable since otherwise White opens the fourth rank
with tempo (check), after which the Rf4 rakes in the Rb4!",10,"De","MIt seinem
letzten Zug hat Schwarz den b-Bauern blockiert, um diesen mit Sd7-c5
anzugreifen. Wie reagieren Sie?","Die ungedeckte Stellung des Turmes auf b4
ermöglicht Weiß einen überraschenden Clou.","Nutzen Sie das vis-à-vis der
Türme auf der vierten Reihe aus!","c4d6","Dieser Springer ist tabu, da Weiß
sonst die vierte Reihe mit Tempo (Schach) öffnet, wonach der Tf4 den Tb4
abholt!",10]} 39. Nxd6 $1 {Surprisingly winning a pawn. Gewinnt überraschend
einen Bauern.} Ba8 ({The knight is untouchable: Der Springer ist tabu:} 39...
Kxd6 40. e5+ Nxe5 (40... Kc5 41. Rc1+) 41. Rxb4 {and White wins. und Weiß
gewinnt.}) 40. Nc4 {Despite White's plus pawn, his winning chances are very
problematic due to his many pawn weaknesses. Die Bauernschwächen von Weiß
gestalten seine Gewinnaussichten trotz des Mehrbauern sehr problematisch.} Rh8
41. Rh4 (41. Nd2 Rc8 42. Bxh5 Rc3+ 43. Ke2 Nc5 {and Black is too active. und
Schwarz steht zu aktiv.}) 41... Nc5 42. Nd2 ({Of course White does not want to
exchange his central pawn for Black's weakness on h5: Natürlich will Weiß
nicht seinen Zentralbauern für die schwarze Schwäche auf h5 eintauschen:} 42.
Rxh5 Rxh5 43. Bxh5 Bxe4 $11) 42... f5 $1 {Reducing material - and thus White's
winning chances - even further. Reduziert weiter Material - und damit die
weißen Gewinnchancen.} 43. exf5 Rxh4 44. f6+ (44. gxh4 exf5) 44... Kxf6 45.
gxh4 Bd5 46. b4 Na4 47. Rc1 Nb6 48. Rc5 Ra8 49. Ra5 Rc8 50. Rc5 Ra8 51. Bd3 Ra2
52. Ne4+ Ke5 53. Ng5 Rb2 54. Rb5 Nd7 55. Bc4 Kd6 56. Bxd5 exd5 57. Nf3 Ne5 58.
Nd4 1/2-1/2

[Event "Bundesliga 0506"]
[Site "Germany"]
[Date "2006.03.11"]
[Round "12.2"]
[White "Maksimenko, Andrei"]
[Black "Baramidze, David"]
[Result "1-0"]
[WhiteElo "2501"]
[BlackElo "2542"]
[Annotator "Roiz,M"]
[PlyCount "61"]
[EventDate "2005.10.21"]
[EventType "team-tourn"]
[EventRounds "15"]
[EventCountry "GER"]
[SourceTitle "CBM 112"]
[Source "ChessBase"]
[SourceDate "2006.06.07"]
[SourceVersion "1"]
[SourceVersionDate "2006.06.07"]
[SourceQuality "1"]
[WhiteTeam "Zehlendorf"]
[BlackTeam "Solingen"]
[WhiteTeamCountry "GER"]
[BlackTeamCountry "GER"]

1. e4 c5 2. Nf3 d6 3. d4 cxd4 4. Nxd4 Nf6 5. Nc3 a6 6. Bg5 e6 7. f4 Be7 (7...
Nbd7 8. Qf3 Qc7 9. O-O-O b5 {-->is another common system. The theoretical
lines are developed very deeply as well here.}) 8. Qf3 Qc7 9. O-O-O Nbd7 10. g4
b5 11. Bxf6 Nxf6 12. g5 Nd7 13. f5 {The most aggressive continuation which is
connected with a pawn sacrifice.} ({The alternatives are:} 13. h4) ({and} 13.
a3) 13... Bxg5+ 14. Kb1 Ne5 15. Qh5 Qd8 16. h4 Bf6 17. fxe6 O-O 18. Bh3 {
All these moves are well known. Now Black has to take on e6, as White has the
strong positional threat of Nc3-d5.} fxe6 19. Bxe6+ Kh8 20. Nd5 Nc4 $2 {
It's strange enough, that David chooses a dubious continuation which leads to
a very hard endgame.} ({In his previous games in this line Baramidze has faced
serious problems:} 20... Ra7 21. Rdf1 g6 $6 (21... Be7 $142 {-->see comments
to 1/2-1/2 Luther,T-Georgiev,K /Recklinghausen 1998 [Tyomkin]}) 22. Qd1 Bg7 $2
(22... Bb7 $142 23. h5 g5 $16) 23. h5 Rxf1 24. Qxf1 Bxe6 25. Nxe6 Qd7 26. Qh3
$18 {1-0 Guseinov,G-Baramidze,D/Oropesa del Mar 2000/EXT 2001 (43)}) (20... Rb8
21. Rdf1 Bd7 22. Bxd7 Qxd7 23. Nxf6 Rxf6 24. Rxf6 gxf6 25. Nf5 Qe6 26. Rd1 $16
{1/2-1/2 Papa,S-Baramidze,D/Deizisau 2003/CBM 093 ext (75)}) ({But} 20... g6 {
seems to be much better than.}) 21. Nc6 $1 {Immediately exploiting the
drawback of Black's last move.} ({Nothing promises:} 21. Nxf6 $2 Qxf6 22. Bd5
Rb8 $132 {and Black consolidates.}) 21... Qe8 22. Qxe8 Rxe8 23. Nxf6 gxf6 ({
After} 23... Rxe6 24. Nd5 Rxe4 25. Nc7 Bb7 26. Nxa8 Bxc6 27. b3 $16 {White has
excellent wining chances, as was proved in several games.}) 24. Bxc4 bxc4 25.
Rxd6 {As a result of 20...Nc4 White has got a great advantage in the endgame -
all Black's pawns are weak, while White's pieces are more active.} Bb7 26. Re1
$5 $146 {White prevents Black from activating his rook immediately.} ({After} 
26. Rxf6 Rxe4 27. Na5 Rae8 28. Kc1 Bd5 29. Rd1 c3 $1 $16 {1/2-1/2 Perez,
L-Ibarra Jerez,J/Mondariz 2000/EXT 2001 (40) Black has got some drawish
chances and escaped.}) 26... a5 $2 {A critical loss of time - Black allows
White to consolidate his position.} ({It was necessary to activate all the
pieces at cost of a pawn:} 26... Rac8 27. Nd4 Bxe4 28. Kc1 (28. Rxf6 Rcd8 29.
Re6 Rxe6 30. Nxe6 Rd2 $132) 28... f5 29. Rxa6 c3 $16 {while the strong
position of the Be4 promises Black some practical chances of survival.}) 27.
Kc1 ({Avoiding the simple trap} 27. Rxf6 $2 Ra6 $17 {[%csl Rc6]}) 27... f5 ({
Now it's too late for} 27... c3 28. bxc3 Rac8 29. Nxa5 Bxe4 30. Rxf6 Rxc3 31.
Re2 $18 {and White is just 2 pawns up.}) ({More resistable would be} 27... a4 {
but after} 28. e5 $1 {White wins in all lines as well:} Bxc6 (28... Rac8 29.
Na5 Bg2 30. Rxf6 Rc5 31. Ra6 Ra8 32. Rxa8+ Bxa8 33. e6 Rxa5 34. e7 Bc6 35.
e8=Q+ Bxe8 36. Rxe8+ Kg7 37. Rc8 $18) 29. Rxc6 fxe5 30. Rxc4 $18) 28. e5 {
Now the Pe5 easily decides the game.} f4 ({Or} 28... c3 29. e6 Bxc6 30. Rxc6
cxb2+ 31. Kxb2 Re7 32. Rc5 f4 33. Rf5 Rae8 34. Rxf4 Rxe6 35. Rxe6 Rxe6 36. c4
$18) 29. Rf1 Rf8 ({After} 29... c3 30. Rxf4 Bxc6 31. Rxc6 cxb2+ 32. Kxb2 Rxe5
33. Rc7 {[%cal Gf4f7] the rook endgame is completely lost for Black, since he
cannot prevent the penetration of the second rook.}) 30. e6 Rf6 31. Nd8 $1 (31.
Nd8 Be4 32. e7 $18) 1-0

[Event "Bangkok op 16th"]
[Site "Bangkok"]
[Date "2016.04.15"]
[Round "7"]
[White "Vallejo Pons, Francisco"]
[Black "Wynn, Zaw Htung"]
[Result "1-0"]
[WhiteElo "2691"]
[BlackElo "2407"]
[Annotator "Schulz,Andre"]
[PlyCount "57"]
[EventDate "2016.04.10"]
[EventType "swiss"]
[EventRounds "9"]
[EventCountry "THA"]
[SourceTitle "CBM 171 Extra"]
[Source "ChessBase"]
[SourceDate "2016.04.26"]
[SourceVersion "1"]
[SourceVersionDate "2016.04.26"]
[SourceQuality "1"]

1. e4 c5 2. Nf3 d6 3. d4 cxd4 4. Nxd4 Nf6 5. Nc3 a6 6. Bg5 e6 7. f4 Be7 8. Qf3
Qc7 9. O-O-O Nbd7 {This used to be one of the main lines of the Najdorf.} 10.
g4 ({One alternative is} 10. Bd3 {, here's a current example:} h6 11. Qh3 Nc5
12. Rhe1 Bd7 13. e5 dxe5 14. fxe5 Nd5 15. Bxe7 Nxe7 16. Qg3 O-O 17. Ne4 Nxe4
18. Rxe4 Nf5 19. Qf4 Nxd4 20. Rxd4 Bb5 21. c4 Rfd8 22. Bc2 Rxd4 23. Rxd4 Bc6
24. g3 Rd8 25. b4 b5 26. Rd6 bxc4 27. Qxc4 Rc8 28. Kb2 Qb7 29. Qd4 Bd5 30. Qb6
Qe7 31. Qxa6 Rb8 32. Rb6 Rd8 33. Qd3 Qc7 34. Rd6 Rxd6 35. exd6 Qxd6 36. Qc3 Kf8
37. a4 Ke7 38. b5 g5 39. a5 Kd7 40. Ba4 h5 41. b6+ Kd8 42. Bb5 Ke7 43. Qc7+ {
1-0 (43) Naiditsch,A (2682)-Gormally,D (2500) Douglas 2015}) 10... b5 11. Bxf6
Nxf6 12. g5 Nd7 13. f5 Nc5 ({Black can also accept the pawn sacrifice:} 13...
Bxg5+ 14. Kb1 O-O 15. fxe6 Nb6 16. Bd3 Bf6 17. Nd5 Nxd5 18. exd5 Bxd4 19. Qe4
g6 20. exf7+ Rxf7 21. Qxd4 Bf5 22. Rhe1 Raf8 23. b3 a5 24. h4 Bxd3 25. Qxd3 Qc5
26. h5 gxh5 27. Rg1+ Kh8 28. Rg5 Rf3 29. Qe4 Qe3 30. Qxe3 Rxe3 31. Rxh5 Ref3
32. Kb2 R3f5 33. Rh3 Rc8 34. Rh6 Rf2 35. Rc1 Rd8 36. Rch1 Rd7 37. Re6 Kg7 38.
Rg1+ Kf7 39. Rh6 Kf8 40. Rg3 Rf5 41. c4 Rf2+ 42. Kc3 b4+ 43. Kd3 a4 44. bxa4
Rxa2 45. Kd4 Rxa4 46. Rf6+ Ke7 47. Rg7+ Kd8 48. Rf8+ Kc7 49. Rxd7+ Kxd7 50.
Rf7+ Kc8 51. Rxh7 Ra1 {1/2-1/2 (51) Vallejo Pons,F (2706)-Gruenfeld,Y (2444)
Jerusalem 2015}) 14. f6 gxf6 15. gxf6 Bf8 16. Rg1 h5 ({Vallejo Pons knows this
position well - ten years ago he played it with Black.} 16... Bd7 17. Rg7 b4
18. Nd5 exd5 19. exd5 O-O-O 20. Rxf7 Bh6+ 21. Kb1 Rdf8 22. Rxf8+ Rxf8 23. Ne6
Nxe6 24. dxe6 Bxe6 25. Bh3 Qd7 26. Qa8+ Kc7 27. Qa7+ Kc6 28. Qxa6+ Kc7 29. Qa5+
Kc6 30. Qa6+ Kc7 31. Qa5+ {1/2-1/2 (31) Spraggett,K (2610) -Vallejo Pons,F 
(2674) Calvia 2006}) 17. a3 Rb8 {[#]} 18. Re1 $1 $16 {After this move Black's
king feels even less comfortable - White wants to play Nd5.} (18. e5 Bb7 19.
Qg3 d5 {was played in a couple of correspondence games.}) 18... Nd7 (18... Na4
19. Nd5 $16) {[#]} 19. Nxe6 $1 ({After} 19. Nd5 {Black planned to defend with}
exd5 20. exd5+ Ne5 {.}) 19... fxe6 20. f7+ Ke7 $2 (20... Kd8 21. Rg8 Rh6 22.
Qg3 $16 Z0 {with the idea: mit der Absicht:} 23. Qg7) 21. Rg6 Qc5 22. Rxe6+
Kxe6 23. Nd5 Nf6 24. Qxf6+ Kd7 25. Qxh8 Bb7 26. Bh3+ Kc6 27. Qf6 ({Many ways
lead to Rome:} 27. b4 Qc4 28. Bf1 Qa2 29. Qc3+) 27... a5 28. Qe6 Bc8 29. Qe8+ (
29. Qe8+ Kb7 30. Qxf8 Bxh3 31. Qe7+ Ka6 32. f8=Q $18) 1-0